UBT Library

Marketing management / (Record no. 47191)

000 -LEADER
fixed length control field 00969cam a2200313 a 4500
001 - CONTROL NUMBER
control field 15129426
005 - DATE AND TIME OF LATEST TRANSACTION
control field 20180815081513.0
008 - FIXED-LENGTH DATA ELEMENTS--GENERAL INFORMATION
fixed length control field 080107s2009 njua b 001 0 eng
010 ## - LIBRARY OF CONGRESS CONTROL NUMBER
LC control number 2008000337
015 ## - NATIONAL BIBLIOGRAPHY NUMBER
National bibliography number GBA825948
Source bnb
016 7# - NATIONAL BIBLIOGRAPHIC AGENCY CONTROL NUMBER
Record control number 014537776
Source Uk
020 ## - INTERNATIONAL STANDARD BOOK NUMBER
International Standard Book Number 9780136009986
020 ## - INTERNATIONAL STANDARD BOOK NUMBER
International Standard Book Number 0136009980
020 ## - INTERNATIONAL STANDARD BOOK NUMBER
International Standard Book Number 9780131357976 (pbk.)
020 ## - INTERNATIONAL STANDARD BOOK NUMBER
International Standard Book Number 0131357972 (pbk.)
035 ## - SYSTEM CONTROL NUMBER
System control number (OCoLC)ocn189700343
035 ## - SYSTEM CONTROL NUMBER
System control number (OCoLC)189700343
Canceled/invalid control number (OCoLC)176888497
040 ## - CATALOGING SOURCE
Original cataloging agency DLC
Transcribing agency DLC
Modifying agency BAKER
-- C#P
-- BTCTA
-- YDXCP
-- BWX
-- XVF
-- UKM
-- DLC
041 ## - LANGUAGE CODE
Language code of text/sound track or separate title eng
080 ## - UNIVERSAL DECIMAL CLASSIFICATION NUMBER
Universal Decimal Classification number 658.8
082 00 - DEWEY DECIMAL CLASSIFICATION NUMBER
Classification number 658.8
Edition number 22
100 1# - Rafti
Rafti 60
101 ## - Shkurtesa
Shkurtesa MAR
245 10 - TITLE STATEMENT
Title Marketing management /
Statement of responsibility, etc Philip Kotler, Kevin Lane Keller.
504 ## - BIBLIOGRAPHY, ETC. NOTE
Bibliography, etc Includes bibliographical references and index.
906 ## - LOCAL DATA ELEMENT F, LDF (RLIN)
a 7
b cbc
c orignew
d 1
e ecip
f 20
g y-gencatlg
942 ## - ADDED ENTRY ELEMENTS (KOHA)
Source of classification or shelving scheme
Item type Books
Holdings
Withdrawn status Lost status Source of classification or shelving scheme Damaged status Not for loan Collection code Permanent location Current location Date acquired Total Checkouts Full call number Barcode Date last seen Price effective from Koha item type
          Koleksioni i përgjithshem UBT - Lipjan UBT - Lipjan 08/15/2018   658.8 KOT 002-3011382 08/15/2018 08/15/2018 Books
UBT Library © 2015-2024. All rights reserved University Education for Business and Technology